réviser les maths-(DNB bac...) - Statistiques

Statistiques générales
  • Ce quiz a été pris 261 fois
  • Le résultat moyen est 6 sur 10
Statistiques - réponses
Question Réponse % Correct
2+4*5=? 22
95%
2²*5²=? 100
89%
55-15*2=? 25
78%
Un magasin propose une réduction de 20% sur un article qui coûte initialement 50 €. Quel est le prix après réduction ? 40
69%
Un rectangle a une longueur de 12 cm et une largeur de 5 cm. Quelle est son aire ? 60cm²
67%
Résolvez l'équation : 5x + 3 = 18. Quelle est la valeur de x ? x=3
62%
Résolvez l'équation : 2𝑥−7=13. Quelle est la valeur de 𝑥? ? x=10
56%
Un sac contient 3 boules rouges, 5 boules bleues et 2 boules vertes. Quelle est la probabilité de tirer une boule bleue au hasard? 1/2
54%
Un sac contient 4 boules rouges, 6 boules bleues et 5 boules vertes. Quelle est la probabilité de tirer une boule rouge au hasard ? 4/15
41%
6²7=? 32
3%
Aucun quiz correspondant
Distribution des résultats
% des personnes avec chaque résultat
Percentile par nombre de réponses
Votre historique - résultats
Vous n’avez pas pris ce quiz